Statistics for name these snacks

Click here to take the quiz!

General Stats

  • This quiz has been taken 33 times
  • The average score is 4 of 12

Answer Stats

Answer% Correct
boba
97%
ice cream
77%
ramen
70%
shaved ice
37%
hot dog
33%
kimbap
27%
baklava
23%
jalebi
7%
shawarma
7%
Gol gappa
3%
momos
3%
tteobokki
3%

Score Distribution

Percentile by Number Answered

Percent of People with Each Score

Your Score History

You have not taken this quiz